000 00651nam a22002537a 4500
003 UA-OsUOA
001 31335
007 ta
008 20041210b un ||||| |||| 00| 0 ukr d
100 _aСолдатенко В.Ф.
700 _aВерстюк В.Ф.
090 _a32:94(477)
_bП50
942 _cBK
040 _aUA-OsUOA
_bukr
_cUA-OsUOA
_dUA-OsUOA
245 _aРеволюція в Україні: політико-державні моделі та реалії (1917-1920)
300 _a488 с.
955 _a0
041 _aukr
080 _a32:94(477)
260 _c2003
044 _aUA
650 7 _2UDC
999 _c317758
_d317758